Sử dụng chế phẩm Bekimi để phòng bệnh do vi khuẩn Aeromonas sp. gây ra trên cá dĩa (Symphysodon sp.) = Using Bekimi to prevent disease caused by Aeromonas sp. in discus fish (Symphysodon sp.) /

Wedi'i Gadw mewn:
Manylion Llyfryddiaeth
Prif Awdur: Nguyễn Thoại Ân.
Awduron Eraill: Đoàn Thị Quỳnh Hương., Dương Ngọc Kiều Thi., Nguyễn Thị Hiếu Trang., Phan Trọng Nghĩa.
Fformat: Erthygl
Iaith:Vietnamese
Tagiau: Ychwanegu Tag
Dim Tagiau, Byddwch y cyntaf i dagio'r cofnod hwn!
Thư viện lưu trữ: Thư viện Trường Đại học Đà Lạt
LEADER 01081nam a2200265 4500
001 DLU160177178
005 ##20161017
040 # # |a DLU  |b vie 
041 # # |a vie 
044 # # |a vn 
100 # # |a Nguyễn Thoại Ân. 
245 # # |a Sử dụng chế phẩm Bekimi để phòng bệnh do vi khuẩn Aeromonas sp. gây ra trên cá dĩa (Symphysodon sp.) =  |b Using Bekimi to prevent disease caused by Aeromonas sp. in discus fish (Symphysodon sp.) /  |c Nguyễn Thoại Ân,...[và những người khác]. 
700 # # |a Đoàn Thị Quỳnh Hương. 
700 # # |a Dương Ngọc Kiều Thi. 
700 # # |a Nguyễn Thị Hiếu Trang. 
700 # # |a Phan Trọng Nghĩa. 
773 # # |t Tạp chí Khoa học Đại học Sư phạm TP. Hồ Chí Minh: Khoa học tự nhiên & công nghệ  |g Số 6(84), 2016, tr. 147-157 
920 # # |a Phòng Tạp chí -- Trung tâm Thông tin - Thư viện Trường Đại học Đà Lạt 
900 # # |a True 
911 # # |a Hoàng Thị Huyền 
925 # # |a G 
926 # # |a A 
927 # # |a BB 
980 # # |a Thư viện Trường Đại học Đà Lạt